Lehr-Taschenbuch für den Garten-, Landschafts-und Sportplatzbau

Salvato in:
Dettagli Bibliografici
Natura: Libro
Lingua:tedesco
Pubblicazione: Stuttgart : Ulmer, 2003
Edizione:6.neu bearbeitete Aufl
Soggetti:
Tags: Aggiungi Tag
Nessun Tag, puoi essere il primo ad aggiungerne!!

MARC

LEADER 00000nam a22000003a 4500
001 stu129004
005 20141122151022.2
008 061031s2003------------------------ger-d
020 |a 3-8001-4447-6 
040 |a STU  |b slo 
041 0 |a ger 
245 |a Lehr-Taschenbuch für den Garten-, Landschafts-und Sportplatzbau 
250 |a 6.neu bearbeitete Aufl 
260 |a Stuttgart :  |b Ulmer,  |c 2003 
300 |a 1305 s 
650 7 |a plánovanie záhrady  |2 stusub 
650 7 |a parky  |2 stusub 
650 7 |a športoviská  |2 stusub 
996 |b 284AU03195  |c A*4881  |l AA8180  |s P  |a 0  |w stu129004_0001